Statistics for Find The Mystery Country By Hints

Click here to take the quiz!

General Stats

  • This quiz has been taken 55,674 times
  • The average score is 95 of 196

Answers on the Map

Answers color-coded by a green-red scale on the quiz's map according to % correct below.
 

Answer Stats

Country% Correct
China
72%
Russia
70%
Japan
63%
United Kingdom
63%
United States
63%
France
60%
India
60%
Germany
57%
Iran
57%
Kazakhstan
56%
Mongolia
56%
Pakistan
55%
Spain
55%
Afghanistan
54%
Canada
54%
Italy
53%
Vietnam
53%
Australia
52%
Bhutan
52%
Brazil
52%
Thailand
52%
Ukraine
52%
Egypt
51%
Indonesia
51%
Mexico
51%
Nepal
51%
Oman
51%
Portugal
51%
Sweden
51%
Taiwan
51%
Uganda
51%
Yemen
51%
Azerbaijan
50%
Iraq
50%
Ireland
50%
Jordan
50%
Kyrgyzstan
50%
Laos
50%
Poland
50%
Saudi Arabia
50%
South Africa
50%
South Korea
50%
Tajikistan
50%
Turkey
50%
Turkmenistan
50%
United Arab Emirates
50%
Algeria
49%
Argentina
49%
Austria
49%
Belgium
49%
Cambodia
49%
Democratic Republic of the Congo
49%
Denmark
49%
Finland
49%
Greece
49%
Malaysia
49%
Myanmar
49%
Niger
49%
North Korea
49%
Norway
49%
Republic of the Congo
49%
Uruguay
49%
Albania
48%
Andorra
48%
Angola
48%
Armenia
48%
Bahrain
48%
Bangladesh
48%
Chad
48%
Estonia
48%
Iceland
48%
Israel
48%
Kenya
48%
Lebanon
48%
Libya
48%
Morocco
48%
Netherlands
48%
Philippines
48%
Serbia
48%
Singapore
48%
Somalia
48%
Sri Lanka
48%
Sudan
48%
Switzerland
48%
Syria
48%
Bahamas
47%
Belarus
47%
Benin
47%
Bolivia
47%
Bosnia and Herzegovina
47%
Botswana
47%
Brunei
47%
Bulgaria
47%
Burundi
47%
Cameroon
47%
Central African Republic
47%
Chile
47%
Colombia
47%
Croatia
47%
Cuba
47%
Cyprus
47%
Czech Republic
47%
Djibouti
47%
Dominican Republic
47%
East Timor
47%
Ecuador
47%
Eritrea
47%
Ethiopia
47%
Fiji
47%
Gabon
47%
Georgia
47%
Ghana
47%
Guatemala
47%
Guinea
47%
Haiti
47%
Honduras
47%
Hungary
47%
Jamaica
47%
Kosovo
47%
Kuwait
47%
Latvia
47%
Lesotho
47%
Liechtenstein
47%
Lithuania
47%
Luxembourg
47%
Madagascar
47%
Malawi
47%
Maldives
47%
Mali
47%
Malta
47%
Mauritania
47%
Moldova
47%
Monaco
47%
Mozambique
47%
Namibia
47%
New Zealand
47%
Nigeria
47%
Panama
47%
Papua New Guinea
47%
Paraguay
47%
Peru
47%
Qatar
47%
Romania
47%
Rwanda
47%
San Marino
47%
Senegal
47%
Slovakia
47%
Slovenia
47%
South Sudan
47%
Tanzania
47%
Togo
47%
Tunisia
47%
Vatican City
47%
Venezuela
47%
Zambia
47%
Zimbabwe
47%
Antigua and Barbuda
46%
Barbados
46%
Belize
46%
Burkina Faso
46%
Cape Verde
46%
Comoros
46%
Costa Rica
46%
Dominica
46%
El Salvador
46%
Equatorial Guinea
46%
Eswatini
46%
Federated States of Micronesia
46%
Gambia
46%
Grenada
46%
Guinea-Bissau
46%
Guyana
46%
Ivory Coast
46%
Kiribati
46%
Liberia
46%
Marshall Islands
46%
Mauritius
46%
Montenegro
46%
Nauru
46%
Nicaragua
46%
North Macedonia
46%
Palau
46%
Saint Kitts and Nevis
46%
Saint Lucia
46%
Saint Vincent and the Grenadines
46%
Samoa
46%
São Tomé and Príncipe
46%
Seychelles
46%
Sierra Leone
46%
Solomon Islands
46%
Suriname
46%
Tonga
46%
Trinidad and Tobago
46%
Tuvalu
46%
Uzbekistan
46%
Vanuatu
46%

Score Distribution

Percentile by Number Answered

Percent of People with Each Score

Your Score History

You have not taken this quiz